000 00392nam a2200157Ia 4500
100 _aUpadhyaya/Shambhu
650 _aMobile computing
942 _cBK
366 _f25
245 _aMobile computing:Implementing pervasive information and communication tecnologies
260 _bSpringer
_c2002
082 _a621.382
_bUPA
300 _a216
546 _aENGLISH
_cComputers
999 _c22381
_d22381